| 000 | 00367nam a22001337a 4500 | ||
|---|---|---|---|
| 008 | 200317b ||||| |||| 00| 0 eng d | ||
| 082 | _a572 DEF | ||
| 100 | _aDeb, Ahil Chandra | ||
| 245 | _aFundamentals of Biochemistry | ||
| 250 | _aReprint 2019 | ||
| 260 |
_aNew Delhi _bNew Central Book Agency Pvt Ltd |
||
| 650 | _aPharmaceutical Jurisprudence | ||
| 942 |
_2ddc _cBK |
||
| 999 |
_c8533 _d8533 |
||